Centro turístico Corn Island y diseño experimental (hotel en Corn Island)
Presenta la conformación de una guía de diseño para Centros Turísticos y Conjuntos de Alojamiento - Hoteles, que permita instrumentalizar los proceso de producción y enseñanzas de objetos arquitectónicos relativos a estas tipologías. Comprende Capítulo I. Experiencia nacional e internaciona...
| Main Author: | |
|---|---|
| Other Authors: | |
| Format: | Tesis Section = Libro |
| Language: | Undetermined Spanish |
| Published: |
Managua
UNI/RUACS
1990
|
| Subjects: |
| LEADER | 01392nam a2200217Ia 4500 | ||
|---|---|---|---|
| 008 | 240830s9999 xx 000 0 und d | ||
| 040 | |a BIBLIOTECA-RUSB/ Mon 728.31 F632 | ||
| 041 | |a spa | ||
| 082 | |a Mon 728.31 F632 | ||
| 100 | 1 | |a Flores Loaisiga, Ximena | |
| 245 | 1 | 0 | |a Centro turístico Corn Island y diseño experimental (hotel en Corn Island) |
| 260 | |a Managua |b UNI/RUACS |c 1990 | ||
| 300 | |a 120 p. :il. | ||
| 502 | |a Tesis (Arquitecto) - UNI/RUACS, 1990. | ||
| 520 | 3 | |a Presenta la conformación de una guía de diseño para Centros Turísticos y Conjuntos de Alojamiento - Hoteles, que permita instrumentalizar los proceso de producción y enseñanzas de objetos arquitectónicos relativos a estas tipologías. Comprende Capítulo I. Experiencia nacional e internacional de diseño, construcción de Centros Turísticas y alojamiento de hoteles. Capitulo II. Análisis de los factores de diseño arquitectónico para centro Turísticos y conjuntos de alojamiento hoteles en Corn Island. Capitulo III. Características, Principios y tratamiento de diseños urbanos arquitectónicos. Capitulo IV. Diseño Experimental de Centros Turístico. Capitulo V. Diseño Experimental de Conjuntos de alojamiento hoteles. | |
| 650 | 7 | |a VIVIENDAS MULTIFAMILIARES | |
| 650 | 7 | |b HOTELES | |
| 700 | 1 | |a Tutor: |b Lijachov, Eugenio | |
| 942 | |c BK |2 ddc | ||
| 991 | |a TESIS | ||
| 999 | |c 21488 | ||